Austragungsorte der Alpinen Ski WM nach 1945 - Statistiken

Allgemein
  • Dieses Quiz wurde 582 mal gespielt
    467 seit der letzten Aktualisierung
  • Das Durchschnittsergebnis liegt bei 23 aus 39
Antwortstatistiken
Jahr Land Austragungsort % Korrekt
1978 BRD Garmisch-Partenkirchen
89%
2011 Deutschland Garmisch-Partenkirchen
89%
1948 Schweiz St. Moritz
88%
1974 Schweiz St. Moritz
88%
2003 Schweiz St. Moritz
88%
2017 Schweiz St. Moritz
88%
1956 Italien Cortina d´Ampezzo
85%
2021 Italien Cortina d´Ampezzo
85%
1954 Schweden Are
70%
2007 Schweden Are
70%
2019 Schweden Are
70%
1964 Österreich Innsbruck
70%
1976 Österreich Innsbruck
70%
1999 USA Vail/Beaver Creek
70%
2015 USA Vail/Beaver Creek
70%
1991 Österreich Saalbach-Hinterglemm
68%
2025 Österreich Saalbach-Hinterglemm
68%
1982 Österreich Schladming
68%
2013 Österreich Schladming
68%
1985 Italien Bormio
61%
2005 Italien Bormio
61%
2023 Frankreich Courchevel-Meribel
57%
1952 Norwegen Oslo
53%
2001 Österreich St. Anton am Arlberg
52%
2009 Frankreich Val-d´Isere
52%
1972 Japan Sapporo
50%
1989 USA Vail
47%
1970 Italien Gröden
44%
1987 Schweiz Crans-Montana
43%
1980 USA Lake Placid
43%
1950 USA Aspen
40%
1962 Frankreich Chamonix
38%
1996 Spanien Sierra Nevada
38%
1968 Frankreich Grenoble
36%
1997 Italien Sestriere
28%
1960 USA Squaw Valley
26%
1993 Japan Morioka
19%
1958 Österreich Bad Gastein
13%
1966 Chile Portillo
9%
Keine übereinstimmenden Quizze gefunden
Verteilung der Resultate
Anzahl Personen mit jedem Resultat
Perzentil nach korrekt beantworteten Fragen
Ihre Resultats-Entwicklung
Sie haben dieses Quiz seit der letzten Aktualisierung nicht gespielt